000 00705nam a2200241Ia 4500
003 OSt
005 20221005031400.0
006 a|||||r|||| 00| 0
007 ta
008 221004b |||||||| |||| 00| 0 eng d
024 _a54470
037 _cTextual
040 _aCRL
_cCRL
_beng
041 _2eng
_aeng
082 _aT.2.N85<-L81, M5
100 _aKuldip Kaur
_9147580
245 0 _aEducation in India
_b 1781-1985 policies planning and implementation.
260 _aChandigarh
_bCentre for research in rural and Industrial development
_c1985
300 _a543p.
_ccm.
650 _aEDUCATION
942 _hT.2.N85<-L81, M5
_cTEXL
_2cc
999 _c937640
_d937640